000 00638nam a2200217Ia 4500
003 GCL
008 140319s9999 xx 000 0 ara d
040 _aGCL /
_cGCL
082 0 4 _aع
_b552.001
_bت م
100 1 _aتيرتيل، ج . د
245 1 0 _aمبادئ علم الصخور /
_cتيرتيل، ج . د
700 1 _aمحمد كمال الدين العقاد
700 1 _aسيد محمد عمارة (مترجم)
260 _a[S.N] :
_bدار الفكر العربى ،
_c1962
300 _a405 ص
490 _a
650 0 4 _aالعلم
650 0 4 _aالجيولوجيا
650 0 4 _aالصخور
942 _2ddc
_cBK
999 _c30604
_d30604